000 00770nam a22002537a 4500
005 20260410152303.0
008 260410b |||||||| |||| 00| 0 eng d
020 _a9788126531745
040 _cAL
041 _aEnglish
082 _a621.3192
_bARRP
100 _aJ Arrillaga
_9261409
245 _aPower system quality assessment
260 _aNew Delhi
_bWiley India (P) Ltd
_c2016
300 _axii,300p.
_bPB
_c23x15cm.
365 _aVBI-2645
_b₹671.25
_c
_d₹895.00
_e25%
_f20-02-2026
650 _aElectrical Engineering
_9261410
650 _aPower Systems
_9261411
650 _aPower Quality Analysis
_9261412
650 _aHarmonics and Signal Processing
_9261413
700 _aWatson, N R
_9261414
700 _aChen, S
_9261415
942 _2ddc
_cBK
999 _c241221
_d241221